| 000 | 00451nam a22001697a 4500 | ||
|---|---|---|---|
| 003 | IN-BaIIA | ||
| 005 | 20240326120735.0 | ||
| 008 | 240326b |||||||| |||| 00| 0 eng d | ||
| 022 | _a0261-0523 | ||
| 040 | _cIIA Library | ||
| 245 | _aPhilosophical transactions of the Royal Society of London (Bound Volume) | ||
| 260 |
_aLondon _bRoyal Society |
||
| 310 | _a2/month | ||
| 650 |
_aScience _91299 |
||
| 650 |
_aAstrophysics _9794 |
||
| 942 |
_2ddc _cBV |
||
| 999 |
_c36048 _d36048 |
||